|
|
|
|
| LEADER |
01931cas a2200241 a 4500 |
| 001 |
AALejournalIMF014197 |
| 008 |
230101c9999 xx r poo 0 0eng d |
| 020 |
|
|
|c 5.00 USD
|
| 020 |
|
|
|z 9781475568844
|
| 022 |
|
|
|a 1934-7685
|
| 040 |
|
|
|a BD-DhAAL
|c BD-DhAAL
|
| 110 |
2 |
|
|a International Monetary Fund.
|b Monetary and Capital Markets Department.
|
| 245 |
1 |
0 |
|a European Union :
|b Detailed Assessment of Implementation of the European Central Bank Observance of the CPSS-IOSCO Responsibilities of Authorities for Financial Market Infrastructure.
|
| 264 |
|
1 |
|a Washington, D.C. :
|b International Monetary Fund,
|c 2014.
|
| 300 |
|
|
|a 1 online resource (40 pages)
|
| 490 |
1 |
|
|a IMF Staff Country Reports
|
| 500 |
|
|
|a <strong>Off-Campus Access:</strong> No User ID or Password Required
|
| 500 |
|
|
|a <strong>On-Campus Access:</strong> No User ID or Password Required
|
| 506 |
|
|
|a Electronic access restricted to authorized BRAC University faculty, staff and students
|
| 520 |
3 |
|
|a This paper discusses key findings of the detailed assessment of implementation of the European Central Bank (ECB) Observance of the Committee on Payment and Settlement Systems/International Organization of Securities Commission (CPSS-IOSCO) responsibilities of authorities for financial market infrastructures. The oversight framework of the ECB is comprehensive. The ECB has developed a wide-ranging oversight policy, including quantitative and qualitative criteria to identify, monitor, and remedy any potential systemic risks related to financial market infrastructures. It has also developed oversight standards covering a broad range of infrastructures, service providers, and payment schemes within the euro area.
|
| 538 |
|
|
|a Mode of access: Internet
|
| 830 |
|
0 |
|a IMF Staff Country Reports; Country Report ;
|v No. 2014/035
|
| 856 |
4 |
0 |
|z Full text available on IMF
|u http://elibrary.imf.org/view/journals/002/2014/035/002.2014.issue-035-en.xml
|z IMF e-Library
|